| 000 | 00379 a2200109 4500 | ||
|---|---|---|---|
| 001 | ART_3487 | ||
| 005 | 20260410161715.0 | ||
| 008 | 260409a | ||
| 245 | 1 | 0 | _aBreve exámen de las teorías relacionadas con la determinación de la tasa de cambio |
| 100 | 1 | _aVillanueva, Javier | |
| 773 | 0 |
_tDesarrollo económico _g- Vol. 25, Nº 99 (oct. /dic. 1985) _wREV1174 |
|
| 999 |
_c16435 _d16435 |
||